odmiana czasownika scegliere, stare, morire - Statystyki

Ogólne statystyki
  • Ten quiz został rozwiązany 21 razy
  • Średni wynik to 12 z 21
Statystyki odpowiedzi
% Poprawnych
lui,lei sta
100%
Io sto
100%
tu stai
90%
loro stanno
90%
voi state
90%
noi stiamo
90%
tłumaczenie być, przebywać, czuć się
60%
noi scegliamo
60%
voi scegliete
60%
Io scelgo
50%
loro scelgono
50%
tłumaczenie: umierać
50%
noi moriamo
40%
voi morite
40%
Io muoio
40%
tu scegli
40%
lui, lei sceglie
40%
tłumaczenie: wybierać
40%
tu muori
30%
loro muoiono
20%
lui, lei muore
20%
Nie znaleziono quizów pasujących do podanych kryteriów
Rozkład punktacji
Procent ludzi z każdym wynikiem
Percentyl według liczby udzielonych odpowiedzi
Twoja historia wyników
Nie rozwiązałeś tego quizu